000 007810000a22002410004500
003 LK-CoMWRAF
005 20231120145033.0
008 230817t2001 ||||| |||| 00| 0 eng d
020 _a9780670049035
040 _aLK-CoMWRAF
_dLK-CoMWRAF
_eLK-CoMWRAF
041 _aeng
082 _a303.625
_bPRA
100 _aPratap, Anita
245 _aIsland of Blood:
_bfrontline reports from Sri Lanka, Afghanistan and other South Asian flashpoints
260 _aNew Delhi:
_bViking,
_c2001
300 _ax, 276 p. ; 23 cm.
650 _aWAR CORRESPONDENTS-India
650 _aWomen journalists -- India Sri Lanka --
650 _aTerrorism -- Sri Lanka
650 _aPolitics and government -- 20th century-Sri Lanka
650 _aDescription and travel-South Asia
942 _cBK
999 _c3089
_d3089